Statistics for Maine - Noah Kahan

Click here to take the quiz!

General Stats

  • This quiz has been taken 40 times
  • The average score is 176 of 276

Answer Stats

Answer% Correct
I
100%
To
95%
to
95%
the
91%
you
91%
You
91%
a
86%
A
86%
in
86%
when
86%
change
82%
hear
82%
heart
82%
lover
82%
me,
82%
me
82%
morning?
82%
pills
82%
Tell
82%
your
82%
no
77%
now
77%
Now
77%
now?
77%
still
77%
That
77%
that
77%
Was
77%
an
73%
taking
73%
they
73%
this
73%
we
73%
Are
68%
cameras
68%
Maine
68%
on
68%
rearranged?
68%
rediscovered?
68%
town?
68%
wanna
68%
were
68%
we're
68%
and
64%
And
64%
dad
64%
did
64%
go
64%
"If
64%
just
64%
made
64%
my
64%
ocean
64%
of
64%
only
64%
soul
64%
Cause
59%
head
59%
lights
59%
say
59%
tells
59%
there
59%
town's
59%
traffic
59%
what
59%
afraid
55%
for
55%
For
55%
Laughing
55%
miss
55%
oh
55%
playing
55%
space
55%
they're
55%
walk
55%
would
55%
forget
50%
longing
50%
lose
50%
make
50%
songs
50%
star
50%
star"
50%
way
50%
You're
50%
answers
45%
at
45%
baby
45%
had
45%
hate
45%
place,
45%
strangers
45%
summers
45%
They'd
45%
through
45%
Asking
41%
sunlight
41%
sunrise
41%
Bad
36%
but
36%
don't
36%
open
36%
boat
32%
lack
32%
mouth
32%
water
32%
beside
27%
dock
27%
nothing
27%
Park
27%
Used
27%
you've
27%
Crescent
23%
fossils
23%
more
23%
State
23%
than
23%
Beach
18%
can
18%
God
18%
hope
18%
Once
18%
ooh
18%
proud
18%
them
18%
bells
14%
church
14%
from
14%
sing
14%
subway
14%
Sundays
14%
along
9%
even
9%
trafic
5%

Score Distribution

Percentile by Number Answered

Percent of People with Each Score

Your Score History

You have not taken this quiz